JAPAN WORLD CUP 出走馬 - Statistics

General Stats
  • This quiz has been taken 50 times
  • The average score is 15 of 60
Answer Stats
大会 Answer % Correct
第1回 日本 ハリボテエレジー
93%
第2回 日本 ハリボテエレジー2.0
93%
第3回 日本 ハリボテエレジー3.0
93%
第1回 日本 チョクセンバンチョー
78%
第2回 日本 チョクセンバンチョー
78%
第3回 日本 チョクセンバンチョー
78%
第1回 イギリス ジラフ
68%
アニマル国際 イギリス ジラフ
68%
第1回 日本 ギンシャリボーイ
54%
第2回 日本 ギンシャリボーイ
54%
第3回 日本 ギンシャリボーイ
54%
第1回 フランス ピンクフェロモン
51%
第1回 アメリカ ハリウッドリムジン
51%
第2回 フランス ピンクフェロモン
51%
第2回 アメリカ ハリウッドリムジン
51%
第1回 スペイン バーニングビーフ
34%
第3回 アメリカ メカハリボテ
34%
アニマル国際 スペイン バーニングビーフ
34%
第2回 中国 コンコン
27%
アニマル国際 中国 コンコン
27%
第1回 ケニア サバンナストライプ
17%
第3回 ブータン UMA
17%
ハリボテ記念 中国 ハリボテコンコン
15%
ハリボテ記念 イギリス ハリボテジラフ
15%
ハリボテ記念 日本 ハリボテボーイ
12%
ハリボテ記念 フランス ハリボテフェロモン
12%
ハリボテ記念 日本 ハリボテバンチョー
12%
ハリボテ記念 アメリカ ハリボテリムジン
12%
第2回 タイ ジャンボナンプラー
10%
第3回 ギリシャ トロヤンホース
10%
アニマル国際 タイ ジャンボナンプラー
10%
第2回 オーストラリア ピーピードーナッツ
7%
第3回 フランス スーパーフェロモン
7%
第3回 ロシア ニンジャスナイパー
7%
コスプレステークス 日本 メイドモエモエ
7%
コスプレステークス 日本 シンバシルドルフ
7%
ハリボテ記念 日本 ハリボテネイチャー
7%
第3回 オーストラリア シーワールド
5%
サラ系箱障害 日本 アフロマニア
5%
サラ系箱障害 日本 モヒカンパンク
5%
サラ系箱障害 日本 テンネンパーマ
5%
サラ系箱障害 日本 チョンマゲワンダー
5%
サラ系箱障害 日本 ギャランドゥ
5%
コスプレステークス 日本 セーラームンムン
5%
コスプレステークス 日本 バージンフライト
5%
アニマル国際 アラブ首長国連邦 キャメルクラッチ
5%
アニマル国際 インドネシア コモドペロペロ
5%
アニマル国際 オーストラリア オージーホース
5%
アニマル国際 エクアドル カメジマン
5%
スペシャルFJ 日本 ギンシャリFJ
5%
スペシャルFJ フランス フェロモンFJ
5%
スペシャルFJ 日本 チョクセンFJ
5%
スペシャルFJ アメリカ ハリウッドFJ
5%
スペシャルFJ ニホン ハリボテFJ
5%
ハリボテ記念 日本 ハリボテンガーZ
5%
コスプレステークス 日本 アゲアゲアゲハ
2%
コスプレステークス 日本 アイラブナース
2%
スペシャルFJ トヨタ FJクルーザー
2%
スペシャルFJ ケニア サンコンFJ
2%
スペシャルFJ オーストラリア カルキンFJ
2%
No matching quizzes found
Score Distribution
Percent of People with Each Score
Percentile by Number Answered
Your Score History
You have not taken this quiz